[Event "Montreal op"]
[Site "Montreal CAN"]
[Date "2009.09.13"]
[Round "4"]
[White "Masse, Hugues"]
[Black "Mai, Lloyd"]
[Result "0-1"]
[WhiteElo "2267"]
[BlackElo "2194"]
[PlyCount "62"]
[GameId "2160767910096721"]
[EventDate "2009.09.11"]
[EventType "swiss"]
[EventRounds "5"]
[EventCountry "CAN"]
[SourceTitle "hb 2009.10"]

1. d4 Nf6 2. c4 g6 3. Nc3 Bg7 4. e4 d6 5. Nf3 O-O 6. Be2 e5 7. Be3 Nc6 8. d5 Ne7 9. Nd2 Nd7 10. O-O f5 11. f3 f4 12. Bf2 g5 13. b4 Nf6 14. c5 Ng6 15. Nc4 Rf7 16. cxd6 cxd6 17. Nb5 Bf8 18. Bxa7 Rxa7 19. Nxa7 Bd7 20. a4 g4 21. fxg4 Nxe4 22. Nb5 Ng5 23. Qe1 e4 24. Nd4 Bg7 25. Rd1 Bxd4+ 26. Rxd4 f3 27. gxf3 exf3 28. Bd1 f2+ 29. Rxf2 Nh3+ 30. Kg2 Rxf2+ 31. Kh1 Qf6 0-1

[Event "Montreal op"]
[Site "Montreal CAN"]
[Date "2009.09.13"]
[Round "4"]
[White "Ramaswamy, Kishor"]
[Black "Leveille, Francois"]
[Result "1/2-1/2"]
[WhiteElo "2202"]
[BlackElo "2313"]
[PlyCount "98"]
[GameId "2160767910096722"]
[EventDate "2009.09.11"]
[EventType "swiss"]
[EventRounds "5"]
[EventCountry "CAN"]
[SourceTitle "hb 2009.10"]

1. d4 d5 2. Nf3 Nf6 3. Bf4 c6 4. e3 Qb6 5. Qc1 Bf5 6. c4 Bxb1 7. Rxb1 e5 8. Bxe5 Bb4+ 9. Ke2 Nbd7 10. a3 Be7 11. c5 Qd8 12. Bxf6 Nxf6 13. g3 b6 14. Ne5 Qc8 15. cxb6 c5 16. dxc5 O-O 17. Nd3 axb6 18. cxb6 Qg4+ 19. f3 Qe6 20. b7 Rab8 21. Kf2 Rxb7 22. Nf4 Qb6 23. Bd3 Bd6 24. b4 Rc7 25. Qd2 Bxf4 26. gxf4 Nh5 27. Kg2 Re8 28. Rhe1 Rce7 29. Rbc1 g6 30. Kf2 Nxf4 31. Bf1 Qf6 32. Kg1 Qg5+ 33. Kh1 Ne6 34. Qg2 Qf6 35. a4 Ng7 36. e4 Nf5 37. Bb5 Nh4 38. Qf2 Rd8 39. exd5 Rxe1+ 40. Rxe1 Rxd5 41. Bc6 Rd4 42. b5 Rxa4 43. h3 Rb4 44. Qc5 Qb2 45. Re8+ Kg7 46. Qf8+ Kf6 47. Qe7+ Kg7 48. Qf8+ Kf6 49. Qe7+ Kg7 1/2-1/2

[Event "Montreal op"]
[Site "Montreal CAN"]
[Date "2009.09.13"]
[Round "5"]
[White "Gerzhoy, Leonid"]
[Black "Jiang, Louie"]
[Result "1/2-1/2"]
[WhiteElo "2412"]
[BlackElo "2278"]
[PlyCount "88"]
[GameId "2160767910096723"]
[EventDate "2009.09.11"]
[EventType "swiss"]
[EventRounds "5"]
[EventCountry "CAN"]
[SourceTitle "EXT 2011"]
[Source "ChessBase"]
[SourceDate "2011.11.26"]
[SourceVersion "1"]
[SourceVersionDate "2011.11.26"]
[SourceQuality "1"]

1. e4 c5 2. Nf3 a6 3. c3 d5 4. exd5 Nf6 5. d4 cxd4 6. cxd4 Nxd5 7. Nc3 Nc6 8. Bc4 e6 9. O-O Be7 10. Re1 O-O 11. Bb3 b5 12. Nxd5 exd5 13. Bf4 Bg4 14. h3 Bh5 15. g4 Bg6 16. Ne5 Rc8 17. Rc1 Nxe5 18. dxe5 Rxc1 19. Bxc1 Bb4 20. Bd2 Bc5 21. Qf3 Be4 22. Qg3 Re8 23. Be3 d4 24. Bg5 Qxg5 25. Rxe4 Rf8 26. Kg2 Kh8 27. f4 Qe7 28. Re2 f6 29. Bc2 g6 30. Bd3 fxe5 31. Rxe5 Qc7 32. Qh4 Rxf4 33. Bxg6 Qc6+ 34. Re4 Rf7 35. Bf5 Bd6 36. Qf2 Qxe4+ 37. Bxe4 Rxf2+ 38. Kxf2 a5 39. Bd3 b4 40. Kf3 a4 41. Ke4 a3 42. bxa3 bxa3 43. Kxd4 Kg7 44. Kd5 Bf8 1/2-1/2

[Event "Montreal op"]
[Site "Montreal CAN"]
[Date "2009.09.13"]
[Round "5"]
[White "Mai, Lloyd"]
[Black "Bolduc, Steve"]
[Result "1-0"]
[WhiteElo "2194"]
[BlackElo "2244"]
[PlyCount "39"]
[GameId "2160767910096724"]
[EventDate "2009.09.11"]
[EventType "swiss"]
[EventRounds "5"]
[EventCountry "CAN"]

1. e4 Nf6 2. e5 Nd5 3. d4 d6 4. Bc4 Nb6 5. Bb3 d5 6. Ne2 a5 7. c3 Na6 8. Be3 e6 9. O-O c5 10. f4 g6 11. Nd2 c4 12. Bc2 Bd7 13. g4 h5 14. f5 hxg4 15. fxg6 Qh4 16. gxf7+ Kd8 17. Rf2 Nc8 18. Nf1 Kc7 19. Qd2 Be7 20. Nf4 1-0

[Event "Montreal op U1200"]
[Site "Montreal CAN"]
[Date "2009.09.13"]
[Round "1"]
[White "Blondet, Luis"]
[Black "Zhang, Jeffrey"]
[Result "0-1"]
[WhiteElo "841"]
[BlackElo "1164"]
[PlyCount "56"]
[GameId "2160767910096727"]
[EventDate "2009.09.11"]
[EventType "swiss"]
[EventRounds "5"]
[EventCountry "CAN"]
[SourceTitle "EXT 2011"]
[Source "ChessBase"]
[SourceDate "2011.11.26"]
[SourceVersion "1"]
[SourceVersionDate "2011.11.26"]
[SourceQuality "1"]

1. Nf3 d5 2. g3 Nf6 3. Bg2 Nc6 4. d3 e5 5. h3 Bc5 6. c3 Bf5 7. Nh4 Be6 8. O-O Qd7 9. Kh2 O-O-O 10. b4 Bb6 11. Nd2 g5 12. Nhf3 g4 13. Ng1 gxh3 14. Bxh3 Bxh3 15. Nxh3 Ng4+ 16. Kg2 Bxf2 17. Nxf2 Ne3+ 18. Kh2 Nxd1 19. Rxd1 h5 20. Nf3 f5 21. Bg5 Rdg8 22. Nh3 e4 23. Nd4 Nxd4 24. cxd4 Qd6 25. Rf1 h4 26. Rxf5 Qxg3+ 27. Kh1 Qxh3+ 28. Kg1 Qxf5 0-1

[Event "Montreal op U1600"]
[Site "Montreal CAN"]
[Date "2009.09.11"]
[Round "1"]
[White "Martin, Robert"]
[Black "Gervais, Marcel"]
[Result "1-0"]
[WhiteElo "1557"]
[BlackElo "1308"]
[PlyCount "47"]
[GameId "2160767910096729"]
[EventDate "2009.09.11"]
[EventType "swiss"]
[EventRounds "5"]
[EventCountry "CAN"]
[SourceTitle "hb 2016"]

1. e4 e5 2. f4 d5 3. Nf3 dxe4 4. Nxe5 Nf6 5. Bc4 Be6 6. Bxe6 fxe6 7. Qe2 Nbd7 8. O-O Bc5+ 9. Kh1 O-O 10. d4 exd3 11. Nxd3 Re8 12. Nc3 Nd5 13. Ne4 Bd6 14. Bd2 Qe7 15. Rae1 Rac8 16. Ng5 Nf8 17. a3 h6 18. Ne4 Ng6 19. Qg4 Nh4 20. c4 Nb6 21. c5 Nc4 22. cxd6 cxd6 23. Bc3 d5 24. Nf6+ 1-0

[Event "Montreal op U1600"]
[Site "Montreal CAN"]
[Date "2009.09.12"]
[Round "1"]
[White "Mauricio-Delgado, Erick"]
[Black "Miron, Gilles"]
[Result "1-0"]
[WhiteElo "1575"]
[BlackElo "1360"]
[PlyCount "97"]
[GameId "2160767910096730"]
[EventDate "2009.09.11"]
[EventType "swiss"]
[EventRounds "5"]
[EventCountry "CAN"]
[SourceTitle "hb 2009.10"]

1. d4 Nf6 2. Bg5 h6 3. Bh4 d5 4. e3 Bf5 5. Nf3 c6 6. Bd3 Bg4 7. O-O Nbd7 8. h3 Bh5 9. g4 Nxg4 10. hxg4 Bxg4 11. Nbd2 g5 12. Bg3 h5 13. Be2 e6 14. Ne5 Bxe2 15. Qxe2 Nxe5 16. Bxe5 f6 17. Bh2 Qd7 18. c4 Bd6 19. Bxd6 Qxd6 20. cxd5 exd5 21. Nb3 O-O-O 22. Qd3 Qe6 23. Rfc1 Qg4+ 24. Kf1 h4 25. Ke1 Qf3 26. Nd2 Qh1+ 27. Qf1 Qxf1+ 28. Kxf1 g4 29. Kg2 f5 30. Rh1 Rdg8 31. Rh2 g3 32. Rh3 gxf2+ 33. Kxf2 Rg4 34. Rah1 Kd7 35. Nf3 Ke6 36. Rxh4 Rhxh4 37. Rxh4 Kf6 38. Rh7 Rg7 39. Rxg7 Kxg7 40. Kg3 Kf7 41. Kf4 Kf6 42. Nh4 Ke6 43. Nxf5 Kf6 44. Nd6 b5 45. Nc8 a6 46. Na7 Ke6 47. Nxc6 Kd6 48. Na5 Ke6 49. Nb7 1-0

[Event "Montreal op U1600"]
[Site "Montreal CAN"]
[Date "2009.09.12"]
[Round "2"]
[White "Allard dos Santos, Alexandre"]
[Black "Mauricio-Delgado, Erick"]
[Result "0-1"]
[WhiteElo "1410"]
[BlackElo "1575"]
[PlyCount "94"]
[GameId "2160767910096731"]
[EventDate "2009.09.11"]
[EventType "swiss"]
[EventRounds "5"]
[EventCountry "CAN"]
[SourceTitle "hb 2009.10"]

1. e4 e5 2. Nf3 Nc6 3. Bc4 Be7 4. O-O Nf6 5. Nc3 d6 6. h3 O-O 7. d4 exd4 8. Nxd4 Ne5 9. Bb3 Bd7 10. Bf4 a6 11. Re1 b5 12. a3 c5 13. Nf3 c4 14. Ba2 Qc7 15. Bxe5 dxe5 16. Nd5 Nxd5 17. Qxd5 Bf6 18. Qd2 Rad8 19. Qc3 Be6 20. Rad1 g6 21. Qe3 Rxd1 22. Rxd1 Rd8 23. Rd2 Bc8 24. b3 Rxd2 25. Qxd2 Qc5 26. Qa5 c3 27. a4 Qa3 28. Qxc3 Be6 29. axb5 axb5 30. Bb1 Be7 31. Qd3 b4 32. Nxe5 Qb2 33. Nc6 Qxb1+ 34. Kh2 Bf8 35. f4 Bc5 36. f5 Qg1+ 37. Kg3 Qf2+ 38. Kg4 f6 39. Qd8+ Kg7 40. Qc7+ Bf7 41. fxg6 hxg6 42. g3 Qe2+ 43. Kf4 Qe3+ 44. Kg4 Qxe4+ 45. Qf4 Be6+ 46. Kh4 g5+ 47. Kh5 Qg6# 0-1

[Event "Montreal op U1600"]
[Site "Montreal CAN"]
[Date "2009.09.12"]
[Round "2"]
[White "Pitisyn, Ihor"]
[Black "Martin, Robert"]
[Result "0-1"]
[WhiteElo "1401"]
[BlackElo "1557"]
[PlyCount "64"]
[GameId "2160767910096732"]
[EventDate "2009.09.11"]
[EventType "swiss"]
[EventRounds "5"]
[EventCountry "CAN"]
[SourceTitle "hb 2016"]

1. d4 d5 2. c4 e6 3. e3 Nf6 4. Nf3 c5 5. Nc3 Nc6 6. dxc5 Bxc5 7. cxd5 exd5 8. Be2 O-O 9. O-O Be6 10. Na4 Bd6 11. b3 Rc8 12. Bb2 Qe7 13. Rc1 Rfe8 14. Nd4 Nxd4 15. Bxd4 b6 16. Bd3 Ng4 17. h3 Qh4 18. Qf3 Nh2 19. Qe2 Nxf1 20. Qxf1 Rxc1 21. Qxc1 Rc8 22. Qb2 Bxh3 23. gxh3 Qxh3 24. Nc3 Bh2+ 25. Kh1 Be5+ 26. Kg1 Bxd4 27. Bxh7+ Kxh7 28. Qb1+ Kh8 29. Nxd5 Be5 30. Qd1 Bh2+ 31. Kh1 Bg3+ 32. Kg1 Qh2+ 0-1

[Event "Montreal op U1600"]
[Site "Montreal CAN"]
[Date "2009.09.12"]
[Round "3"]
[White "Martin, Robert"]
[Black "Wan, Kevin"]
[Result "1/2-1/2"]
[WhiteElo "1557"]
[BlackElo "1170"]
[PlyCount "64"]
[GameId "2160767910096733"]
[EventDate "2009.09.11"]
[EventType "swiss"]
[EventRounds "5"]
[EventCountry "CAN"]
[SourceTitle "hb 2016"]

1. e4 e6 2. d4 d5 3. Nd2 c5 4. c3 Nc6 5. Ngf3 Nf6 6. e5 Nd7 7. Bd3 Be7 8. O-O O-O 9. Re1 c4 10. Bb1 b5 11. Nf1 Re8 12. Bf4 Nf8 13. Bg3 Bb7 14. h4 Nd7 15. Ne3 b4 16. Ng4 h5 17. Ne3 g6 18. Qd2 Bf8 19. Bf4 bxc3 20. bxc3 Bg7 21. Nf1 Ne7 22. Ng3 Nf5 23. Nxf5 exf5 24. Bc2 Bc6 25. Bh6 Nf8 26. Rab1 Ne6 27. Bxg7 Kxg7 28. g3 f6 29. exf6+ Qxf6 30. Ne5 Rec8 31. Rb4 Be8 32. Reb1 a5 1/2-1/2

[Event "Montreal op U1600"]
[Site "Montreal CAN"]
[Date "2009.09.12"]
[Round "3"]
[White "Mauricio-Delgado, Erick"]
[Black "Poirier, Vincent"]
[Result "1-0"]
[WhiteElo "1575"]
[BlackElo "1507"]
[PlyCount "45"]
[GameId "2160767910096734"]
[EventDate "2009.09.11"]
[EventType "swiss"]
[EventRounds "5"]
[EventCountry "CAN"]
[SourceTitle "hb 2009.10"]

1. d4 Nf6 2. Bg5 d5 3. Nf3 Bf5 4. e3 e6 5. Bd3 Bxd3 6. Qxd3 c6 7. O-O Nbd7 8. c4 Bd6 9. Nc3 O-O 10. Rac1 dxc4 11. Qxc4 Qa5 12. Qb3 Rfc8 13. Bh4 Qh5 14. Bg3 Bxg3 15. hxg3 Ng4 16. Ne4 Nb6 17. Rc5 Nd5 18. Nd6 Rd8 19. Qxb7 Rab8 20. Qxc6 Rxb2 21. e4 Ne7 22. Qc7 Rbb8 23. Rxh5 1-0

[Event "Montreal op U1600"]
[Site "Montreal CAN"]
[Date "2009.09.13"]
[Round "4"]
[White "Fiouzi, Chahin"]
[Black "Martin, Robert"]
[Result "1-0"]
[WhiteElo "1438"]
[BlackElo "1557"]
[PlyCount "31"]
[GameId "2160767910096735"]
[EventDate "2009.09.11"]
[EventType "swiss"]
[EventRounds "5"]
[EventCountry "CAN"]
[SourceTitle "hb 2016"]

1. e4 d5 2. exd5 Qxd5 3. Nc3 Qa5 4. Bc4 Nf6 5. d3 c6 6. Bd2 Qc7 7. Ne4 Nxe4 8. dxe4 e5 9. Bc3 Be7 10. Qh5 Bf6 11. Nf3 g6 12. Qh6 Bg4 13. Ng5 Bxg5 14. Qxg5 Nd7 15. Qxg4 O-O-O 16. O-O-O 1-0

[Event "Montreal op U1600"]
[Site "Montreal CAN"]
[Date "2009.09.13"]
[Round "5"]
[White "Martin, Robert"]
[Black "Taylor, Paul"]
[Result "1/2-1/2"]
[WhiteElo "1557"]
[BlackElo "1412"]
[PlyCount "69"]
[GameId "2160767910096736"]
[EventDate "2009.09.11"]
[EventType "swiss"]
[EventRounds "5"]
[EventCountry "CAN"]
[SourceTitle "hb 2016"]

1. e4 Nc6 2. Nc3 Nd4 3. Bc4 d6 4. d3 Nf6 5. h3 Bd7 6. Be3 c5 7. Bxd4 cxd4 8. Nce2 Qb6 9. Nf3 Qa5+ 10. c3 dxc3 11. bxc3 g6 12. Qb3 e6 13. Qxb7 Rd8 14. O-O Bg7 15. Qb4 Qc7 16. Bb5 O-O 17. Bxd7 Nxd7 18. d4 Rb8 19. Qa3 Rb5 20. Rfb1 Rfb8 21. Rb3 Bf8 22. Qb2 a6 23. Rb1 Qa5 24. Nd2 Rxb3 25. axb3 d5 26. e5 Qd8 27. Qa2 Bh6 28. Nf3 Qc8 29. Qc2 Qb7 30. g4 Nb6 31. g5 Bf8 32. Kg2 Nc4 33. Qa2 Na3 34. Rb2 Nc4 35. Rb1 1/2-1/2

[Event "Montreal op U2000"]
[Site "Montreal CAN"]
[Date "2009.09.11"]
[Round "1"]
[White "Forget, David"]
[Black "Jobin, Gilles"]
[Result "1/2-1/2"]
[WhiteElo "1943"]
[BlackElo "1692"]
[PlyCount "70"]
[GameId "2160767910096737"]
[EventDate "2009.09.11"]
[EventType "swiss"]
[EventRounds "5"]
[EventCountry "CAN"]
[SourceTitle "hb 2016"]

1. d4 Nf6 2. c4 g6 3. Nc3 Bg7 4. e4 d6 5. Nf3 Nbd7 6. Be2 O-O 7. O-O e5 8. dxe5 dxe5 9. Bg5 h6 10. Bxf6 Qxf6 11. Nd5 Qd8 12. Qc2 c6 13. Ne3 Nc5 14. b4 Ne6 15. c5 Nd4 16. Nxd4 exd4 17. Rad1 Qg5 18. Nc4 Be6 19. f4 Qe7 20. Nd6 a5 21. Bc4 axb4 22. Rb1 Ra5 23. Bxe6 Qxe6 24. Rxb4 Rxa2 25. Qc4 d3 26. Qxe6 fxe6 27. g3 d2 28. Nc4 Ra1 29. Nxd2 Rxf1+ 30. Kxf1 Be5 31. Nc4 Bc3 32. Rxb7 e5 33. Re7 exf4 34. Re6 Rf6 35. Rxf6 Bxf6 1/2-1/2

[Event "Montreal op U2000"]
[Site "Montreal CAN"]
[Date "2009.09.11"]
[Round "1"]
[White "Giroux, Robert"]
[Black "Soskic, Radmilo"]
[Result "1-0"]
[WhiteElo "1840"]
[BlackElo "1650"]
[PlyCount "65"]
[GameId "2160767910096738"]
[EventDate "2009.09.11"]
[EventType "swiss"]
[EventRounds "5"]
[EventCountry "CAN"]
[SourceTitle "EXT 2011"]
[Source "ChessBase"]
[SourceDate "2011.11.26"]
[SourceVersion "1"]
[SourceVersionDate "2011.11.26"]
[SourceQuality "1"]

1. Nf3 Nf6 2. c4 g6 3. g3 Bg7 4. Bg2 O-O 5. O-O d6 6. Nc3 Nc6 7. d3 e5 8. Rb1 h6 9. b4 Ne7 10. Bb2 Bd7 11. b5 Qc8 12. Re1 Bh3 13. Bh1 Nd7 14. Nd2 Nc5 15. Nb3 f5 16. Nd5 Nxd5 17. Bxd5+ Ne6 18. Na5 Rb8 19. e3 Kh7 20. f4 Nd8 21. Bc3 c6 22. bxc6 b6 23. Nb7 Qc7 24. Qa4 Nxb7 25. cxb7 Rfe8 26. Qxa7 exf4 27. Bxg7 Qxg7 28. Qxb6 fxg3 29. hxg3 Qe7 30. Qd4 Red8 31. Qh4 Qxh4 32. gxh4 g5 33. hxg5 1-0

[Event "Montreal op U2000"]
[Site "Montreal CAN"]
[Date "2009.09.13"]
[Round "1"]
[White "Azimov, Richard"]
[Black "Gagnon, Serge"]
[Result "1-0"]
[WhiteElo "1705"]
[BlackElo "1992"]
[PlyCount "61"]
[GameId "2160767910096739"]
[EventDate "2009.09.11"]
[EventType "swiss"]
[EventRounds "5"]
[EventCountry "CAN"]
[SourceTitle "EXT 2011"]
[Source "ChessBase"]
[SourceDate "2011.11.26"]
[SourceVersion "1"]
[SourceVersionDate "2011.11.26"]
[SourceQuality "1"]

1. e4 d6 2. d4 Nf6 3. Nc3 g6 4. Nf3 Bg7 5. h3 O-O 6. Be3 c6 7. Bd3 Nbd7 8. Qd2 b5 9. Ne2 Nb6 10. Ng3 Nc4 11. Bxc4 bxc4 12. Bh6 Rb8 13. Bxg7 Kxg7 14. c3 Qb6 15. Rb1 Qa5 16. a3 Ba6 17. e5 Nd5 18. h4 h6 19. h5 Rh8 20. hxg6 fxg6 21. Nh4 dxe5 22. Nxg6 Kxg6 23. Qc2+ Kf7 24. Qf5+ Ke8 25. Qxe5 Kd7 26. Ne4 Rbg8 27. Nc5+ Ke8 28. Qe6 Bb5 29. Rxh6 Nxc3 30. Qd7+ Kf8 31. Rf6+ 1-0

[Event "Montreal op U2000"]
[Site "Montreal CAN"]
[Date "2009.09.12"]
[Round "2"]
[White "Jobin, Gilles"]
[Black "Mangahas, Ronald"]
[Result "0-1"]
[WhiteElo "1692"]
[BlackElo "1824"]
[PlyCount "118"]
[GameId "2160767910096740"]
[EventDate "2009.09.11"]
[EventType "swiss"]
[EventRounds "5"]
[EventCountry "CAN"]
[SourceTitle "hb 2016"]

1. e4 c5 2. Nf3 d6 3. d4 cxd4 4. Nxd4 Nf6 5. Nc3 a6 6. Bg5 e6 7. Be2 Be7 8. O-O O-O 9. Qd2 Qc7 10. f4 Nbd7 11. Bf3 h6 12. Bxf6 Nxf6 13. g4 e5 14. Nf5 Bxf5 15. gxf5 Rac8 16. Kh1 b5 17. Rg1 Kh8 18. Qg2 Rg8 19. a3 Qc5 20. Rad1 b4 21. axb4 Qxb4 22. Rd3 Qxb2 23. Rb1 Qa3 24. Nd5 Qa2 25. Nxe7 Qxb1+ 26. Rd1 Qxc2 27. Qxc2 Rxc2 28. Nxg8 Kxg8 29. fxe5 dxe5 30. Rd8+ Kh7 31. Ra8 Rf2 32. Bg2 Ra2 33. h3 Nh5 34. Kg1 Ng3 35. Bf3 Ne2+ 36. Kf1 Nf4 37. h4 a5 38. Bd1 Ra1 39. Ke1 g5 40. fxg6+ Kxg6 41. Ra6+ f6 42. Kd2 Ra2+ 43. Kc3 Rh2 44. Bg4 Rxh4 45. Bf5+ Kg5 46. Rxa5 Ne2+ 47. Kd3 Nd4 48. Bd7 Rh2 49. Ra1 Rg2 50. Ra8 Rg3+ 51. Kc4 h5 52. Rg8+ Kf4 53. Rf8 Rg6 54. Rh8 Kg5 55. Be8 Rh6 56. Rg8+ Kf4 57. Kd5 h4 58. Bd7 h3 59. Rg1 h2 0-1

[Event "Montreal op U2000"]
[Site "Montreal CAN"]
[Date "2009.09.12"]
[Round "3"]
[White "Soskic, Radmilo"]
[Black "Jobin, Gilles"]
[Result "0-1"]
[WhiteElo "1692"]
[BlackElo "1640"]
[PlyCount "95"]
[GameId "2160767910096741"]
[EventDate "2009.09.11"]
[EventType "swiss"]
[EventRounds "5"]
[EventCountry "CAN"]
[SourceTitle "hb 2016"]

1. d4 Nf6 2. c4 g6 3. Nc3 d5 4. e3 Bg7 5. Bd3 O-O 6. Nf3 b6 7. O-O Bb7 8. Nd2 Na6 9. Qb3 c5 10. a3 cxd4 11. exd4 dxc4 12. Qxc4 Rc8 13. Qa4 Rxc3 14. bxc3 Qd5 15. f3 Nc5 16. Qc4 Nxd3 17. Qxd3 e5 18. Bb2 b5 19. Rfe1 Nd7 20. Qe4 f5 21. Qxd5+ Bxd5 22. Rac1 Bh6 23. Rcd1 exd4 24. cxd4 Rc8 25. Kf2 Rc2 26. Bc1 Bg7 27. Re8+ Kf7 28. Rde1 Bxd4+ 29. Kg3 Bc5 30. Nf1 Bf2+ 31. Kh3 Bxe1 32. Rxe1 Be6 33. f4 a5 34. Ne3 Rc3 35. g3 Nc5 36. Bb2 Rb3 37. Rc1 Nd7 38. Nd1 b4 39. axb4 axb4 40. Rc2 Rd3 41. Nf2 Rd5 42. Re2 b3 43. Bc3 Nc5 44. Re3 Ne4 45. Nxe4 fxe4+ 46. g4 Rd3 47. Rg3 e3 48. Kg2 0-1

[Event "Montreal op U2000"]
[Site "Montreal CAN"]
[Date "2009.09.13"]
[Round "4"]
[White "Lepine, Cedric"]
[Black "Jobin, Gilles"]
[Result "1-0"]
[WhiteElo "1815"]
[BlackElo "1692"]
[PlyCount "129"]
[GameId "2160767910096742"]
[EventDate "2009.09.11"]
[EventType "swiss"]
[EventRounds "5"]
[EventCountry "CAN"]
[SourceTitle "hb 2016"]

1. e4 e5 2. Nf3 Nc6 3. Bb5 a6 4. Ba4 Nf6 5. d3 Bc5 6. Bxc6 dxc6 7. O-O Qe7 8. Bg5 h6 9. Bh4 g5 10. Bg3 Bg4 11. Nbd2 Nh5 12. Bxe5 Qxe5 13. Nxe5 Bxd1 14. Raxd1 Bd4 15. Nec4 O-O-O 16. Nf3 Bf6 17. e5 Be7 18. g3 g4 19. Nfd2 Rhg8 20. Ne4 b5 21. Ne3 Rg6 22. d4 Ng7 23. f4 gxf3 24. Rxf3 Rf8 25. Rdf1 Ne6 26. Rxf7 Rxf7 27. Rxf7 Kd8 28. Nf5 Bg5 29. Nxg5 hxg5 30. Ne7 Ke8 31. Rh7 Nf8 32. Nxg6 Nxh7 33. h4 Kf7 34. h5 g4 35. Kf2 Ng5 36. Ke3 Ne6 37. Nf4 Ng5 38. Ng6 Ne6 39. c3 Ng7 40. Kf4 Nxh5+ 41. Kxg4 Kxg6 42. b3 Ng7 43. c4 Nf5 44. cxb5 axb5 45. a4 Nxd4 46. a5 c5 47. a6 Nc6 48. Kf4 c4 49. bxc4 bxc4 50. g4 c3 51. Ke3 Nxe5 52. a7 c2 53. Kd2 Nc4+ 54. Kxc2 Nb6 55. Kb3 Kg5 56. Kb4 Kxg4 57. Kc5 Kf4 58. Kc6 Na8 59. Kb7 c5 60. Kxa8 c4 61. Kb7 c3 62. a8=Q Ke3 63. Qa2 Kd3 64. Qb1+ Kd2 65. Qb4 1-0

[Event "Montreal op U2000"]
[Site "Montreal CAN"]
[Date "2009.09.13"]
[Round "5"]
[White "Jobin, Gilles"]
[Black "Piche, Guy"]
[Result "1/2-1/2"]
[WhiteElo "1692"]
[BlackElo "1509"]
[PlyCount "120"]
[GameId "2160767910096743"]
[EventDate "2009.09.11"]
[EventType "swiss"]
[EventRounds "5"]
[EventCountry "CAN"]
[SourceTitle "hb 2016"]

1. e4 d6 2. d4 Nd7 3. Nf3 e5 4. Bc4 Be7 5. O-O c6 6. c3 Ngf6 7. Qe2 h6 8. Rd1 Qc7 9. a4 O-O 10. Na3 a6 11. Nh4 Nb6 12. Bb3 Kh7 13. a5 Nbd7 14. Nf5 Nb8 15. Nc4 exd4 16. Nb6 Ra7 17. Nxc8 Rxc8 18. Bxf7 dxc3 19. bxc3 Bf8 20. Bb3 Re8 21. f3 d5 22. Be3 Ra8 23. Bb6 Qc8 24. Ng3 Nbd7 25. Bd4 Nc5 26. Bc2 dxe4 27. Bxf6 gxf6 28. fxe4 Kh8 29. Qh5 Re5 30. Qg6 Qe6 31. Rf1 Nd7 32. Rab1 Rg5 33. Bb3 Qe7 34. Qf7 Qc5+ 35. Kh1 Rg7 36. Qe6 Qe7 37. Nf5 Qxe6 38. Bxe6 Nc5 39. Nxg7 Kxg7 40. g4 Nxe6 41. Rxb7+ Kg6 42. h4 Bg7 43. Rf5 Rf8 44. h5+ Kh7 45. Re7 Ng5 46. e5 Ne4 47. Kg2 Kg8 48. e6 Nxc3 49. Rc5 Nd5 50. Ra7 Nf4+ 51. Kf3 Nxe6 52. Rc4 f5 53. Rxa6 fxg4+ 54. Kxg4 Nd4 55. Ra7 Be5 56. Re7 Rf4+ 57. Kh3 Rf3+ 58. Kg2 Rg3+ 59. Kf2 Rf3+ 60. Kg2 Rg3+ 1/2-1/2

[Event "National Capital op"]
[Site "Ottawa CAN"]
[Date "2009.12.04"]
[Round "1"]
[White "Bertrand, Daryl"]
[Black "Voloaca, Mihnea"]
[Result "0-1"]
[WhiteElo "2084"]
[BlackElo "2296"]
[PlyCount "80"]
[GameId "2160767910030039"]
[EventDate "2009.12.04"]
[EventType "swiss"]
[EventRounds "5"]
[EventCountry "CAN"]
[SourceTitle "EXT 2011"]
[Source "ChessBase"]
[SourceDate "2011.11.26"]
[SourceVersion "1"]
[SourceVersionDate "2011.11.26"]
[SourceQuality "1"]

1. e4 c5 2. d4 cxd4 3. c3 d3 4. Bxd3 d6 5. Nf3 Nd7 6. O-O Ngf6 7. Bc4 e6 8. Qe2 Qc7 9. Na3 a6 10. Nc2 b5 11. Bb3 Bb7 12. Nd2 Nc5 13. f3 Be7 14. Ne3 Nxb3 15. axb3 d5 16. exd5 Nxd5 17. Nxd5 Bxd5 18. c4 Bc6 19. Ne4 O-O 20. Be3 Qe5 21. Rfd1 Rfc8 22. Bd4 Qc7 23. Rac1 Qb7 24. c5 Rd8 25. Ng3 Rd5 26. Qe3 Rad8 27. Rd2 Bg5 28. f4 Bxf4 29. Qxf4 e5 30. Bxe5 Rxd2 31. Bxg7 Rxg2+ 32. Kf1 Qd7 33. Ne4 Qd3+ 34. Kxg2 Qxe4+ 35. Qxe4 Bxe4+ 36. Kg3 Kxg7 37. c6 f5 38. Kf4 Kf6 39. c7 Rc8 40. Rc5 Ke6 0-1

[Event "National Capital op"]
[Site "Ottawa CAN"]
[Date "2009.12.04"]
[Round "1"]
[White "Collins, Chris"]
[Black "Pacey, Kevin"]
[Result "1-0"]
[WhiteElo "2114"]
[BlackElo "2345"]
[PlyCount "121"]
[GameId "2160767910030040"]
[EventDate "2009.12.04"]
[EventType "swiss"]
[EventRounds "5"]
[EventCountry "CAN"]
[SourceTitle "EXT 2011"]
[Source "ChessBase"]
[SourceDate "2011.11.26"]
[SourceVersion "1"]
[SourceVersionDate "2011.11.26"]
[SourceQuality "1"]

1. e4 Nf6 2. Nc3 d5 3. e5 Nfd7 4. d4 e6 5. f4 c5 6. dxc5 Bxc5 7. Qg4 g6 8. Nf3 Nc6 9. a3 a6 10. h4 h5 11. Qh3 Ne7 12. Bd3 Nf5 13. g4 hxg4 14. Qxg4 Nf8 15. Bd2 Qe7 16. Ne2 Bd7 17. c3 Bb5 18. Bxb5+ axb5 19. Rc1 Be3 20. Ned4 Bxd2+ 21. Kxd2 Nd7 22. h5 gxh5 23. Nxf5 exf5 24. Qxf5 Nc5 25. Rcg1 Ne4+ 26. Kc1 Nxc3 27. bxc3 Qxa3+ 28. Kd2 b4 29. Rc1 bxc3+ 30. Rxc3 Qb4 31. Kd3 Qb5+ 32. Ke3 Qb6+ 33. Nd4 Rg8 34. Rc8+ Ke7 35. Qf6+ Qxf6 36. exf6+ Kxf6 37. Rxg8 Rxg8 38. Rxh5 Rg3+ 39. Kf2 Rc3 40. Rxd5 Ke7 41. Rb5 Rc7 42. Rb6 Rd7 43. Ke3 Kd8 44. Nb5 Re7+ 45. Kd4 f5 46. Nc3 Kc8 47. Rf6 Rd7+ 48. Nd5 Kb8 49. Rxf5 Ka7 50. Re5 b5 51. Re7 Rxe7 52. Nxe7 Kb6 53. Nd5+ Kc6 54. Ke5 Kd7 55. f5 Ke8 56. f6 Kf7 57. Kf5 Kf8 58. Ke6 Ke8 59. f7+ Kf8 60. Kf6 b4 61. Nf4 1-0